| 000 | 00848cam a2200265 4500 | ||
|---|---|---|---|
| 001 | J3583 | ||
| 008 | 090401t1995 xxu||||| |||| 00| 0 eng d | ||
| 035 | _a(Sirsi) u55948 | ||
| 041 | _aeng | ||
| 050 | _a692.8 | ||
| 110 |
_aNational Joint Consultative Committee for Building _9994 |
||
| 245 | _aPerformance bonds. | ||
| 250 | _aRevised ed. | ||
| 260 |
_aLondon _bRIBA Publications _c1995 |
||
| 300 | _a4p. ; 30cm. | ||
| 350 | _a5 | ||
| 490 |
_aNJCC Guidance Note _v2 |
||
| 520 | _aProduced in collaboration with the Joint Consultative Committee for Building, Northern Ireland. | ||
| 650 | _aBUILT ENVIRONMENT-BUILDING CONTRACT FORMS | ||
| 650 | _aJOINT CONSULTATIVE COMMITTEE FOR BUILDING NORTHERN IRELAND | ||
| 650 | _aPERFORMANCE BONDS | ||
| 690 | _aBUILT ENVIRONMENT-BUILDING CONTRACT FORMS | ||
| 942 | _n0 | ||
| 948 | _c04/03/1997 | ||
| 999 |
_c93690 _d93690 |
||